Paměti obce Choliny /

Německé resumé

Hlavní autor: Koudela, Miroslav, 1964-
Korporativní autor: Cholina (Česko). Obecní úřad
Další autoři: Olomouc (Česko : okres : 1960-). Okresní úřad
Jazyk: Čeština
Vydáno: Olomouc : Danal, 1996
Témata:
Fyzický popis: 55 s. : il. ; 23 cm
Knihy
Uloženo v:
LEADER 01239nam a2200349 a 4500
001 000570330
003 CZ BrMZK
005 20220920145817.0
007 ta
008 000115s1996 xr e 0 cze d
015 |a cnb000772873 
020 |a 80-85973-11-1 
040 |a BOA001  |b cze 
043 |a e-xr---  |b e-xr-ol  |2 czenas 
072 7 |a 94(437)  |x Dějiny Česka a Slovenska  |2 Konspekt  |9 8 
080 |a 94(437.325)  |2 MRF 
080 |a (437.325)  |2 MRF 
080 |a (048.8)  |2 MRF 
100 1 |a Koudela, Miroslav,  |d 1964-  |7 jn20000401445  |4 aut 
245 1 0 |a Paměti obce Choliny /  |c Miroslav Koudela 
260 |a Olomouc :  |b Danal,  |c 1996 
300 |a 55 s. :  |b il. ;  |c 23 cm 
500 |a Vydavatel: Obecní úřad v Cholině ve spolupráci s Okresním úřadem v Olomouci 
504 |a Bibliografie na s. 44 
520 |a Německé resumé 
651 7 |a Cholina (Česko)  |7 ge128937  |x dějiny  |2 czenas 
655 7 |a přehledy  |7 fd133202  |2 czenas 
710 1 |a Cholina (Česko).  |b Obecní úřad  |7 ko2004246142 
710 1 |a Olomouc (Česko : okres : 1960-).  |b Okresní úřad  |7 kn20020514004 
910 |a BOA001  |b 2-1089.788 
990 |a BK 
996 6 |b 2610141800  |c 2-1089.788  |l MZK  |r Sklad / do 1 hodiny  |n 7  |p p.v.  |w 000570330  |u 000010  |a 1  |e BOA001  |j MZK50  |s P